| 000 | 00764nam a22002177a 4500 | ||
|---|---|---|---|
| 999 |
_c14470 _d14470 |
||
| 003 | AR-CdUCM | ||
| 008 | 190423b ||||| |||| 00| 0 spa d | ||
| 020 | _a978-84-9825-691-8 | ||
| 040 |
_aMUNICIPALIDAD PROVINCIAL DEL CUSCO _cBIBLIOTECA MUNICIPAL DEL CUSCO |
||
| 082 |
_aPI / 376.1 / _bD98 |
||
| 100 |
_aDuran, Georgina _933270 |
||
| 245 | _aUn huerto en casa / | ||
| 260 |
_aBarcelona : _bCombel, _c2011. |
||
| 300 |
_bilustraciones, _c21.5 cm. |
||
| 500 | _aTexto conformado por 24 cartas, 01 rueda interactiva, 05 hojas de adhesivos y un folleto de instrucciones. | ||
| 650 |
_aLiteratura infantil _9588 |
||
| 650 |
_aAprendizaje infantil _933271 |
||
| 700 |
_aDelgado, Helena (ilustraciones) _933272 |
||
| 942 |
_2ddc _cLIBROS |
||
| 945 |
_aachl _d2019-04-23 |
||